| 000 | 00841nam a2200205Ia 4500 | ||
|---|---|---|---|
| 999 |
_c47062 _d47062 |
||
| 001 | 13919 | ||
| 003 | GE_BSU | ||
| 005 | 20260128202734.0 | ||
| 008 | 181216s2003||||ge |||||||||||||| ||geo|| | ||
| 040 | _cGE_BSU | ||
| 041 | _ageo | ||
| 080 | _a338(73) ა-57 | ||
| 245 |
_aამერიკის ეკონომიკა : ზოგადი საფუძვლების მიმოხილვა _bაშშ-ის საინფორმაციო სააგენტო |
||
| 264 |
_aთბილისი ; _c2003. |
||
| 300 |
_a213. : გვ. _bილ. _c 20 სმ. |
||
| 653 | _aამერიკის ეკონომიკა | ||
| 653 | _aეკონომიკა | ||
| 856 |
_uhttps://dspace.nplg.gov.ge/bitstream/1234/418853/1/Amerikis_Ekonomika_2003.pdf _yელ. ვერსია |
||
| 942 |
_cBK _2udc |
||